| 000 | 01188nam a2200265Ia 4500 | ||
|---|---|---|---|
| 999 |
_c4911 _d4911 |
||
| 003 | OSt | ||
| 005 | 20200325111307.0 | ||
| 008 | 191128s1975 mx gr 000 0 spa d | ||
| 040 |
_aCO-JMCR _cCO-JMCR |
||
| 082 | 0 | 4 |
_a003.3 / _bM511t |
| 100 | 1 |
_aMeier, Robert C., _eautor _91807 |
|
| 245 | 1 | 0 |
_aTécnicas de simulación en administración y economía / _cRobert C. Meier, William T. Newell, Harold L. Pazer |
| 250 | _aPrimera edición | ||
| 260 |
_aMéxico : _bTrillas, _c1975 |
||
| 300 |
_a415 páginas ; _c23 cm _b |
||
| 505 | _aConceptos básicos de simulación -- Simulación en la administración --Dinámica industrial y simulación de grandes sistemas -- Simulación en el análisis económico -- Métodos heurísticos -- Juegos -- Lenguajes y programas de computadoras para la simulación. | ||
| 520 | _aEl presente volumen reúne un caudal de conceptos y material de introducción a la simulación y las técnicas asociadas. | ||
| 546 | _aspa | ||
| 650 | 1 | 4 |
_aSimulación _91808 |
| 650 | 2 | 4 |
_aAdministración _91809 |
| 650 | 2 | 4 |
_aAnálisis económico _91810 |
| 700 | 1 |
_aNewell, William T. _eautor _91811 |
|
| 700 | 1 |
_a Pazer, Harold L. _eautor _91812 |
|
| 942 |
_2ddc _cBK |
||